header

Co-habiting with ghosts : (Record no. 89394)

MARC details
000 -LEADER
fixed length control field 01752nam a2200421 i 4500
001 - CONTROL NUMBER
control field ebr10834463
003 - CONTROL NUMBER IDENTIFIER
control field CaPaEBR
006 - FIXED-LENGTH DATA ELEMENTS--ADDITIONAL MATERIAL CHARACTERISTICS--GENERAL INFORMATION
fixed length control field m o d
007 - PHYSICAL DESCRIPTION FIXED FIELD--GENERAL INFORMATION
fixed length control field cr cn|||||||||
008 - FIXED-LENGTH DATA ELEMENTS--GENERAL INFORMATION
fixed length control field 140213t20142014enk ob 001 0 eng d
020 ## - INTERNATIONAL STANDARD BOOK NUMBER
Cancelled/invalid ISBN 9781409467724
International Standard Book Number 9781409467731 (e-book)
International Standard Book Number 9781409467748 (e-book)
040 ## - CATALOGING SOURCE
Original cataloging agency CaPaEBR
Language of cataloging eng
Description conventions rda
-- pn
Transcribing agency CaPaEBR
035 ## - SYSTEM CONTROL NUMBER
System control number (OCoLC)874156215
043 ## - GEOGRAPHIC AREA CODE
Geographic area code e-uk-en
-- e-uk-wl
050 14 - LIBRARY OF CONGRESS CALL NUMBER
Classification number BF1472.E53
Item number .L576 2014eb
082 04 - DEWEY DECIMAL CLASSIFICATION NUMBER
Classification number 133.10942
Edition number 23
100 1# - MAIN ENTRY--PERSONAL NAME
Personal name Lipman, Caron.
245 10 - TITLE STATEMENT
Title Co-habiting with ghosts :
Remainder of title knowledge, experience, belief and the domestic uncanny /
Statement of responsibility, etc Caron Lipman.
264 #1 - PRODUCTION, PUBLICATION, DISTRIBUTION, MANUFACTURE, AND COPYRIGHT NOTICE
Place of production, publication, distribution, manufacture Surrey, England ;
-- Burlington, Vermont :
Name of producer, publisher, distributor, manufacturer Ashgate,
Date of production, publication, distribution, manufacture, or copyright notice 2014.
Date of production, publication, distribution, manufacture, or copyright notice �2014
300 ## - PHYSICAL DESCRIPTION
Extent 1 online resource (249 pages)
336 ## - CONTENT TYPE
Content type term text
Source rdacontent
337 ## - MEDIA TYPE
Media type term computer
Source rdamedia
338 ## - CARRIER TYPE
Carrier type term online resource
Source rdacarrier
504 ## - BIBLIOGRAPHY, ETC. NOTE
Bibliography, etc Includes bibliographical references and index.
588 ## - SOURCE OF DESCRIPTION NOTE
Source of description note Description based on print version record.
590 ## - LOCAL NOTE (RLIN)
Local note Electronic reproduction. Palo Alto, Calif. : ebrary, 2014. Available via World Wide Web. Access may be limited to ebrary affiliated libraries.
650 #0 - SUBJECT ADDED ENTRY--TOPICAL TERM
Topical term or geographic name as entry element Haunted houses
Geographic subdivision England.
Topical term or geographic name as entry element Haunted houses
Geographic subdivision Wales.
Topical term or geographic name as entry element Ghosts
Geographic subdivision England.
Topical term or geographic name as entry element Ghosts
Geographic subdivision Wales.
655 #0 - INDEX TERM--GENRE/FORM
Genre/form data or focus term Electronic books.
776 08 - ADDITIONAL PHYSICAL FORM ENTRY
Display text Print version:
Main entry heading Lipman, Caron.
Title Co-habiting with ghosts : knowledge, experience, belief and the domestic uncanny.
Place, publisher, and date of publication Surrey, England ; Burlington, Vermont : Ashgate, c2014
Physical description 240 pages
International Standard Book Number 9781409467724
Record control number 2013033734
797 2# - LOCAL ADDED ENTRY--CORPORATE NAME (RLIN)
Corporate name or jurisdiction name as entry element ebrary.
856 40 - ELECTRONIC LOCATION AND ACCESS
Uniform Resource Identifier <a href="http://site.ebrary.com/lib/rucke/Doc?id=10834463">http://site.ebrary.com/lib/rucke/Doc?id=10834463</a>
Public note An electronic book accessible through the World Wide Web; click to view

No items available.

© 2026 Rongo University
Contact us: librarian | system librarian | Rongo university